000 00357 a2200157 4500
001 61186
020 _a9783468498152
040 _cAnchieta - Pituba
100 _aRaths, Angelika
240 1 0 _aKeine panik!
_lpor
245 1 0 _aKeine panik!
300 _a87
362 0 _a1997
650 4 _aLínguas germânicas (teutônicas) língua alemã
942 _cBK
999 _c61186
_d61186